Geography Quizhanger - Statistics

General Stats
  • This quiz has been taken 368 times
  • The average score is 9 of 12
Answer Stats
Clues Answer % Correct
US state whose capital is Salt Lake City (U)tah
92%
Country known as Österreich to its people (A)ustria
91%
Country that granted Iceland independence in 1918 (D)enmark
87%
Capital of the State of New York (A)lbany
82%
Mountain range that forms the conventional boundary between Europe and Asia (U)ral
76%
Polish city known as Danzig in German (G)dańsk
73%
US state whose capital is Salem (O)regon
72%
Biggest city in China by metropolitan area population (G)uangzhou
69%
Country of the city of Samarkand (U)zbekistan
60%
South American river, also a womble (O)rinoco
56%
Main language of Ethiopia (O)romo
49%
AFRICAN CAPITAL CITY Ouagadougou
48%
No matching quizzes found
Score Distribution
Percent of People with Each Score
Percentile by Number Answered
Your Score History
You have not taken this quiz